000 00470ntaaa2200181 4500
003 01
005 20251027201258.0
008 0714s1973 ag 01
040 _aAR-BaBN
_bspa
_cAR-BaBN
_eaacr
_dRIC
082 _a221.0000 W49
100 _aWerner, Elsa J.
_910960
245 _aGolden Bible, Old Testament
250 _a1 ed. :
_bSimon and Schuster,
_cc/946
300 _a124 p.
650 _aBiblia-Antiguo Testamento
700 _aRojankovsky, F.
_910961
942 _cBK
999 _c7173
_d7173